Database Management and Design [2ND ED.] (Record no. 138)

MARC details
000 -LEADER
fixed length control field 00447nam a22001697a 4500
005 - DATE AND TIME OF LATEST TRANSACTION
control field 20241210111625.0
008 - FIXED-LENGTH DATA ELEMENTS--GENERAL INFORMATION
fixed length control field 160428b xxu||||| |||| 00| 0 eng d
020 ## - INTERNATIONAL STANDARD BOOK NUMBER
ISBN 81-2031465-4
041 ## - LANGUAGE CODE
Language code of text/sound track or separate title eng
082 ## - DEWEY DECIMAL CLASSIFICATION NUMBER
Item number 00446
100 ## - MAIN ENTRY--AUTHOR NAME
Personal name HANSEN, GARY W. AND HANSEN, JAMES V.
245 ## - TITLE STATEMENT
Title Database Management and Design [2ND ED.]
260 ## - PUBLICATION, DISTRIBUTION, ETC. (IMPRINT)
Place of publication New Delhi
Name of publisher PHI Pvt Ltd.
Year of publication 2005
300 ## - PHYSICAL DESCRIPTION
Number of Pages 582;P
650 ## - SUBJECT ADDED ENTRY--TOPICAL TERM
Topical Term Information Technology
942 ## - ADDED ENTRY ELEMENTS (KOHA)
Koha item type Books
Holdings
Lost status Damaged status Collection code Home library Current library Shelving location Date acquired Cost, normal purchase price Full call number Accession Number Koha item type
    CS/IT JRU Library JRU Library SHELF-52-B 28/04/2016 325.00 005.74 00446 Books
    CS/IT JRU Library JRU Library SHELF-52-B 28/04/2016 325.00 005.74 00447 Books
    CS/IT JRU Library JRU Library SHELF-52-B 28/04/2016 325.00 005.74 00448 Books
      JRU Library     28/04/2016 325.00 00446 00449 Books
    CS/IT JRU Library JRU Library SHELF-52-B 28/04/2016 325.00 005.74 00450 Books
    Reference JRU Library   SHELF-31-A 28/04/2016 325.00 00446 00451 Books